İhtilalci subaylar (Record no. 9468)

MARC details
000 -BAŞLIK
Sabit Uzunlukta Kontrol Alanı 00987na a2200277 4500
001 - KONTROL NUMARASI
Denetim Alanı 17559
003 - KONTROL NUMARASI IDENTIFIER
Denetim Alanı MIRAKIL
005 - SON İŞLEM TARİHİ VE ZAMANI
Denetim Alanı 20181213155247.0
008 - SABİT-BOY VERİ ELEMANLARI - GENEL BİLGİLER
Sabit Uzunlukta Kontrol Alanı 170204b tu 000 0
020 ## - ULUSLARARASI STANDART KİTAP NUMARASI
Uluslararası Standart Kitap Numarası 9757045187
035 ## - SİSTEM KONTROL NUMARASI
Sistem Kontrol Numarası 17559
040 ## - KATALOGLAMA KAYNAK
Orijinal Kataloglama Ajansı Milas
Kataloglama Dili tur
Metne Dönüştürmek Ajansı TR-AnCHP
041 ## - DİL KODU
Metin / Ses Parça Veya Ayrı Başlığın Dil Kodu tur
082 ## - DEWEY ONLU SINIFLANDIRMA NUMARASI
Sınıflandırma Numarası 322.509561
Ürün Numarası Y28i 2005
090 ## - SINIFLAMA NUMARASI
Sınıflama Numarası 322.509561 Y28i 2005
100 ## - ANA GİRİŞ - KİŞİSEL İSİM
Kişisel Ad Yavi, Ersal
Bir Adıyla İlişkilendirilen Tarihler 1943-
245 ## - BAŞLIK TABLOSU
Başlık İhtilalci subaylar
Başlığın Kalan 3. kitap
Sorumluluk Tablosu, Vb Ersal Yavi
260 ## - YAYIN, DAĞITIM, VB
Yayın, Dağıtım, Vb Yeri İzmir
Yayıncı, Dağıtıcı, Vs Adı Yazıcı Yayınevi
Yayın, Dağıtım, Vb Tarihi 2005
300 ## - FİZİKSEL TANIM
Kapsam 708 s.
Boyutlar 20 sm.
500 ## - GENEL NOT
Genel Not Yapıt yazarından imzalıdır.
500 ## - GENEL NOT
Genel Not Dış kapak yapıt adı:Türk ordusu içindeki gizli ihtilal örgütleri: fotoğraflar, belgeler, tanıklar, anılarla 1964-1994 dönemi
650 ## - KONU KATMA GİRİŞ - TOPİKAL DÖNEM
Topikal Süreli Veya Coğrafi Ad Giriş Elemanı Devlet
Genel Alt Bölümü Askeri örgütler
Coğrafi Alt Bölümü Türkiye
651 ## - KONU KATMA GİRİŞ - COĞRAFİ ADI
Coğrafi İsim Türkiye
Genel Alt Bölümü Askeri darbeler
Kronolojik Alt Bölümü 1964-1994
740 ## - KATMA GİRİŞ - KONTROLSUZ İLGİLİ / ANALİTİK BAŞLIK
Kontrol Edilmeyen / İlgili Analitik Başlıktaki Türk ordusu içindeki gizli ihtilal örgütleri: fotoğraflar, belgeler, tanıklar, anılarla 1964-1994 dönemi
942 ## - EKLENDİ GİRİŞ ELEMANLARI (KOHA)
Sınıflandırma Veya Raf Düzeni Kaynak Dewey Decimal Classification
Koha Öğesi Türü Books
999 ## - SİSTEM KONTROL NUMARALARI (KOHA)
Koha Biblionumber 9468
Koha Biblioitemnumber 9468
Holdings
Kalıcı Konum Mevcut Konum Edinme Tarihi Edinim Kaynak Toplam Check-Out'Lar Tam Çağrı Numarası Barkod Tarih Son Görülme İtibaren Geçerli Fiyatlar Koha Öğesi Türü
CHP Kütüphanesi CHP Kütüphanesi 10/29/2016 Bağış   322.509561 Y28i 2005 008192 10/29/2016 10/29/2016 Books